000 00323nam a2200121Ia 4500
005 20260328104316.0
008 260328s9999||||xx |||||||||||||| ||und||
100 _aDorronsoro, Gorka
245 0 _aJosé Ignacio Cabrujas /
_cGorka Dorronsoro
260 _b Fundación Polar, Caracas,
650 _aARQUITECTOS
942 _cBK
999 _c11168
_d11168